Statistiques concernant Communes limitrophes de Toulouse

Cliquez ici pour prendre le quiz!

Statistiques générales

  • Ce quiz a été pris 64 fois
  • Le résultat moyen est 7 sur 17

Statistiques - réponses

Réponse% Correct
Blagnac
86%
Colomiers
79%
Balma
72%
Ramonville
56%
L'Union
54%
Tournefeuille
54%
Aucamville
44%
Labège
42%
Cugnaux
37%
Launaguet
28%
Fenouillet
23%
Vieille-Toulouse
19%
Beauzelle
18%
Saint-Orens-de-Gameville
16%
Quint-Fonsegrives
14%
Pechbusque
9%
Porter-sur-Garonne
4%

Distribution des résultats

Percentile par nombre de réponses

% des personnes avec chaque résultat

Votre développement - résultats

Vous n’avez pas pris ce quiz